000 01515nam a2200289Ia 4500
999 _c53869
_d53869
001 20920
003 GE_BSU
005 20221205170745.0
008 181216s2013||||ge |||||||||||||| ||geo||
020 _a9789941057595
040 _cGE_BSU
041 _ageo
080 _a316.6 +159.92 ა–28
100 _aადლერი, ალფრედ
_916213
245 _aცხოვრება - მეცნიერებაა /
_cალფრედ ადლერი ; მთარგმნ.: ნინა და მარინა თურმანიძეები ; რედ. თამაზ თურმანიძე.
264 _aთბილისი:
_bპეგა,
_c2013.
300 _a186 გვ. ;
_b20 სმ.
541 _h7ლ.30თ.
653 _aპიროვნების ფსიქოლოგია. სოციალური ფსიქოლოგია. ფროიდიზმი. ფსიქოანალიზი. ხასიათი (ფსიქოლოგია)
653 _aსოციოლოგია
653 _aფსიქოლოგია
653 _aცხოვრება - მეცნიერებაა
700 _aთურმანიძე, ნინა,
_eმთარგმნელი
_916342
700 _aთურმანიძე, მარინა,
_e მთარგმნელი
_911864
700 _aთურმანიძე, თამაზ
_eრედაქტორი
_911865
942 _cBK
_2udc